Online Catalogue and eLibrary

Nangi wethatai (Record no. 1362)

MARC details
000 -LEADER
fixed length control field 00383nam a2200169Ia 4500
005 - DATE AND TIME OF LATEST TRANSACTION
control field 20250514023706.0
008 - FIXED-LENGTH DATA ELEMENTS--GENERAL INFORMATION
fixed length control field 240331s9999 xx 000 0 und d
020 ## - INTERNATIONAL STANDARD BOOK NUMBER
ISBN 9558156736
082 ## - DDC Classification
Item Number - Author Mark MUR
Class No. 170
100 ## - MAIN ENTRY--PERSONAL NAME
Personal name Murthi,M
245 #0 - TITLE STATEMENT
Title Nangi wethatai
250 ## - EDITION STATEMENT
Edition statement 3rd
260 ## - PUBLICATION, DISTRIBUTION, ETC.
Place of publication, distribution, etc. Pannipitiya
Name of publisher, distributor, etc. Stamford lake
Date of publication, distribution, etc. 2002
300 ## - PHYSICAL DESCRIPTION
Extent (e.g. Volumes, Pages etc.) 133 p .,
650 ## - SUBJECT ADDED ENTRY--TOPICAL TERM
Topical term or geographic name entry element Short Story
942 ## - Koha item type (Biblio)
Koha item type Books in Stacks (Lending)
Holdings
Lost status Damaged status Collection code Home library Current library Shelving location Date acquired Full call number Accession Number Item type
    Lending WERC Library WERC Library Social Science Cupboard 03/31/2024 170 MUR 4770 Books in Stacks (Lending)

© WERC Library